[Event "Bruges Masters 2018"]
[Site "Brugge"]
[Date "2018.08.16"]
[Round "9"]
[White "Lai, Hing Ting"]
[Black "Nikolov, Momchil"]
[Result "0-1"]
[WhiteElo "2459"]
[BlackElo "2549"]
[Annotator "TA"]
[PlyCount "162"]
[EventDate "2018.08.12"]
[EventType "swiss"]
[EventCountry "BEL"]
[SourceTitle "playchess.com"]
[Source "ChessBase"]
[SourceQuality "1"]

{[%evp 21,162,0,27,0,0,0,14,4,5,21,25,-20,-36,-21,15,15,0,0,8,0,7,0,0,0,0,-38,-32,-39,-33,-154,-161,-162,-160,-168,-150,-168,-139,-139,-132,-131,-19,-19,-19,-24,-24,-172,-99,-99,-99,-99,-99,-99,-99,-99,-99,-99,-99,-99,-99,-99,-35,-99,-97,-99,-99,-99,-99,-137,-136,-124,-118,-118,-97,-124,-18,-19,-19,-27,-19,-28,-52,-6233,-6227,-5185,-5725,-5579,-5048,-4578,-3615,-3893,-2748,-1286,-8,-8,-8,-129,-129,-424,-129,-129,-129,-129,-129,-129,-129,-129,-129,-245,-8,-8,0,-245,-129,-129,-129,-129,-8,-8,-8,-8,-8,-8,-8,-8,-8,-8,-8,-8,-8,-8,-8,-3877,-1504,-12848,-12845,-29963,-29964,-29965,-29965,-29960,-29957,-12359,-12366]} 1. d4 Nf6 2. c4 e6 3. Nf3 b6 4. g3 Bb7 5. Bg2 Be7 6. O-O O-O 7. Re1 Na6 8. Ne5 {E17: Queen's Indian: 4 g3 Bb7 5 Bg2 Be7} (8. Nc3 Ne4 9. Bf4 Nxc3 10. bxc3 Nb8 11. e4 d6 12. e5 dxe5 13. Nxe5 Bxg2 14. Kxg2 Bd6 15. Qf3 Nd7 16. Rad1 {1-0 (30) Vidit,S (2707)-Bologan,V (2610) Poikovsky 2018}) 8... Bxg2 9. Kxg2 c5 10. d5 Qc7 11. Nf3 Ne4 {LiveBook: 24 Games} 12. Qd3 f5 13. a3 Bf6 14. Nc3 $146 ({Predecessor:} 14. Nbd2 Nxd2 15. Qxd2 Qb7 {1-0 (50) Bellaiche,A (2443)-Swinkels,R (2501) France 2010}) 14... Nxc3 15. bxc3 Qb7 16. Bd2 exd5 17. cxd5 c4 18. Qxc4 Rac8 19. Qa2 Bxc3 20. Bxc3 Rxc3 21. Kg1 Qc7 22. Nd4 Qc4 23. Qd2 Nc5 $36 {[%cal Ba6c5,Bc5e4,Be4f2][%mdl 2080] Black is more active.} 24. Red1 f4 {Hoping for ...fxg3.} 25. gxf4 (25. Rac1 $15 Ne4 26. Rxc3 Nxc3 27. Rc1 Qxd4 28. Qxc3 Qxd5 29. Qc4 Qxc4 30. Rxc4) 25... Ne4 $17 26. Qa2 {[#]} Nxf2 $1 {[%mdl 512]} 27. Kxf2 Rxf4+ 28. Nf3 Qc5+ {[%mdl 1024] Black has strong compensation.} 29. Kg3 Qd6 30. Kg2 {[#]} Qg6+ (30... Rfxf3 $1 $17 {[%mdl 512]} 31. exf3 Qg6+ 32. Kh1 Rc2) 31. Kh1 $11 Rc2 32. Qb3 Rxe2 {[%csl Ge2][%cal Rg6g2,Bc2e2,Be2e3,Be3f3][%mdl 32]} 33. d6+ (33. Rg1 $11 {and White is okay.} Qe4 34. Rg3) 33... Kf8 (33... Rf7 $1 $19 {[%csl Ge2][%cal Rg6g2]} 34. Rg1 Qe4) 34. Rg1 $17 Qe4 35. Rg3 {Black must now prevent Rc1.} Re3 36. Qb4 (36. Qb2 $2 Rexf3 37. Qxg7+ Ke8 $19) 36... Qxb4 37. axb4 Rfxf3 38. Rxf3+ Rxf3 39. Rxa7 {[%mdl 4096] Endgame KR-KR} Ke8 $1 40. Rb7 Rf2 (40... Rf5 $17 {aiming for ...Rb5.} 41. Rxb6 Kf7) 41. Rxb6 (41. b5 $1 $15) 41... Kf7 $1 42. Rb8 Ke6 $1 43. Rg8 Rf7 (43... Kxd6 44. Rxg7 h5 45. Rh7 $11) 44. b5 Kxd6 45. Rc8 Rf1+ $1 46. Kg2 Rb1 (46... Rf5 {feels hotter.} 47. b6 Rb5 48. Rh8 h6 49. Rg8 Rg5+) 47. Rg8 g6 (47... Rxb5 $17 48. Rxg7 Rh5) 48. Rg7 $11 Rxb5 {...Rg5+ is the strong threat.} 49. Rxh7 Rf5 {Black wants to play ...Ke6.} 50. h4 Ke6 51. Rg7 $2 {[%mdl 8192]} (51. Rh8 $15) 51... Rf6 $19 52. Kg3 d5 53. Rg8 Ke5 54. Re8+ Re6 55. Rd8 Ke4 $1 56. Kf2 Rf6+ $2 ({Black should play} 56... Kd4 $1 $19 {[%cal Rd4c4] And now ...Kc4 would win.} 57. Kf3 Kc4 58. Rc8+ Kd3) 57. Ke2 $11 Rf4 58. Rd6 (58. Re8+ $11 Kd4 59. Ra8) 58... Rg4 $17 59. Re6+ $2 {[%mdl 8192]} (59. Ra6 $17 {was necessary.}) 59... Kf4 $2 (59... Kf5 $1 $19 {[%cal Rf5e6] and Black stays clearly on top.} 60. Rd6 d4 61. Rd5+ Ke6) 60. Rd6 Ke5 61. Ra6 Kf5 ({Resist} 61... Rxh4 62. Rxg6 Rh2+ 63. Kd3 $15) 62. Ra5 Ke4 (62... Rxh4 63. Rxd5+ Kg4 64. Kf2 $15) 63. Ra6 d4 $1 64. Rd6 (64. Rf6 $17 {was worth a try.}) 64... Rg2+ $2 (64... Rxh4 65. Rxg6 Rh2+ 66. Kd1 $17) (64... Kf5 $1 $19 65. Rd5+ Ke6) 65. Kf1 $1 $11 {[%cal Rf1g2]} Rg4 $2 (65... Rh2 $11 66. Rxg6 Kd3) 66. Ke2 $19 Ke5 ({Don't take} 66... Rxh4 67. Rxg6 Rh2+ 68. Kd1 $17) (66... Kf5 $1 $19 67. Rd5+ Ke6) 67. Ra6 $17 Kf4 $1 68. Kf2 {[#]} Ke4 (68... Kf5 $1 $17 69. Ra5+ Ke4) 69. Ke2 $11 d3+ ({Don't do} 69... Rxh4 70. Rxg6 Rh2+ 71. Kd1 $17) 70. Kf2 Rf4+ 71. Ke1 Kf5 72. Ra5+ Kf6 73. h5 g5 74. Kd2 Rf3 75. Ra8 {White wants to mate with Rf8+.} Rh3 {With the idea ...g4.} 76. Rg8 $2 {[%mdl 8192] [#]} (76. Rh8 $11) 76... Kf5 $1 $19 77. h6 Rxh6 78. Kxd3 Re6 79. Rg7 Kf4 80. Rf7+ Kg3 81. Rg7 g4 {Precision: White = 39%, Black = 62%.} 0-1

[Event "Bruges Masters 2018"]
[Site "Brugge"]
[Date "2018.08.16"]
[Round "9"]
[White "Miciano, John Marvin"]
[Black "Russell, Christopher"]
[Result "1/2-1/2"]
[WhiteElo "2381"]
[BlackElo "2117"]
[Annotator "TA"]
[PlyCount "138"]
[EventDate "2018.08.12"]
[EventType "swiss"]
[EventCountry "BEL"]
[SourceTitle "playchess.com"]
[Source "ChessBase"]
[SourceQuality "1"]

{[%evp 20,138,-46,-46,-48,-45,-30,-36,-31,-51,-23,-56,-53,-55,-57,-50,-29,-59,-61,-60,-68,-72,-46,-40,-31,-32,133,86,133,66,41,0,0,0,493,519,522,519,493,493,479,458,427,174,325,322,322,225,227,225,237,236,219,209,191,147,140,81,89,0,0,0,0,0,965,1112,1076,1058,680,0,0,0,259,0,1208,1200,1200,1200,1912,1757,1670,0,0,0,0,0,0,0,0,0,0,0,0,0,0,0,0,0,0,0,0,-8,-8,-8,-8,-8,-8,-8,0,0,0,0,0,0,0,0,0,0,0,-8,-8]} 1. g3 d5 2. Bg2 Nf6 3. Nf3 e6 4. O-O Be7 5. d3 O-O 6. Nbd2 c5 7. e4 Nc6 8. Re1 b5 9. a4 b4 10. e5 {C00: French: Unusual White 2nd moves} (10. exd5 Nxd5 11. Nc4 Qc7 12. Bg5 Bb7 13. Bxe7 Ndxe7 14. c3 Rad8 15. Qc2 Ba6 16. Nfd2 bxc3 17. bxc3 Na5 {½-½ (25) Kobalia,M (2608)-Goganov,A (2576) Yaroslavl 2018}) 10... Nd7 11. Nf1 {LiveBook: 5 Games} Ba6 12. h4 {Black is slightly better.} Qc7 $146 {[%cal Rd7e5]} ({Predecessor:} 12... Rc8 13. N1h2 Nd4 14. Bf4 b3 15. cxb3 Qb6 16. Ra3 Nxf3+ 17. Nxf3 c4 18. dxc4 Bxa3 19. bxa3 dxc4 20. Qxd7 cxb3 21. Be3 Rfd8 22. Qxc8 Rxc8 23. Bxb6 axb6 24. Rb1 {1-0 (24) Theuretzbacher,K (2234)-Hatzl,S (2183) Austria 2013}) 13. Bf4 Rfe8 14. N1h2 Rac8 15. h5 h6 16. Ng4 Bf8 17. Qd2 Kh7 18. Nfh2 Nd4 19. Rab1 Qa5 20. b3 Red8 21. Nf3 Nxf3+ 22. Bxf3 c4 $2 (22... Re8 $15 {stays ahead.}) 23. bxc4 $1 $16 dxc4 24. Be4+ (24. d4 $16) 24... Kh8 25. Nxh6 gxh6 26. Bxh6 Bg7 $2 {[%mdl 8192]} ({Not} 26... Qxe5 $2 27. Bxf8 Qxh5 28. Bxb4 $18) (26... f5 $1 $11 27. exf6 (27. Bxf8 Nxf8 28. Bg2 cxd3 $17) 27... Nxf6 28. Bxf8 Rxf8) 27. Bxg7+ $18 Kxg7 28. Qg5+ Kf8 29. d4 {Hoping for h6.} Ke8 30. h6 {And now h7 would win.} Nf8 31. Rbd1 ({Weaker is} 31. Qg8 Ke7 $18) (31. Re3 $142 Rc7 32. Qg8) 31... b3 $2 (31... Kd7 {might work better.} 32. Qg7 Kc7) 32. cxb3 Rxd4 33. Rxd4 {White threatens Red1 and mate.} Qxe1+ 34. Kg2 {Bc6+! would kill now.} Qxe4+ 35. Rxe4 Bb7 36. f3 Bxe4 37. fxe4 {[%mdl 4096] Endgame KQ-KRN} c3 38. Qc1 (38. b4 $142 $1) 38... a5 $16 39. Kf3 (39. Qc2 $16) 39... c2 $11 40. Ke2 Nh7 41. Kd3 Ng5 $2 {[%mdl 8192]} (41... Kd7 $11) 42. Qxc2 $18 Rxc2 43. Kxc2 {KN-KP} Kd7 {[#]} 44. Kd3 $2 (44. b4 $1 $18 {[%mdl 512]} axb4 45. Kb3) 44... Kc6 $1 $11 45. Kc4 {Strongly threatening b4.} Nh7 $2 {[%mdl 8192]} (45... Nf3 $1 $11 {and Black stays safe.}) 46. g4 $2 ({White has to play} 46. b4 $18) 46... Kb6 $2 {[%mdl 8192]} (46... Nf8 $11) 47. b4 $18 axb4 48. Kxb4 Nf8 49. a5+ Kc6 {[#]} 50. Kc4 $2 (50. a6 $1 $18 {[%cal Ra6a7]} Ng6 51. a7) 50... Ng6 $1 $11 {The position is equal.} 51. h7 Nxe5+ 52. Kb4 Ng6 53. g5 Nh8 54. a6 Kb6 55. a7 Kxa7 {KN-K3P} 56. Kc5 {Threatens to win with Kd6.} Kb7 57. Kd6 Kc8 {White must now prevent ...Kd8.} 58. Ke7 e5 $1 59. Kf6 {Intending Kg7 and mate.} Kd7 60. Kxe5 {aiming for Kf6.} Ke7 61. Kf5 Ng6 62. e5 Nh8 63. Kf4 Ke6 64. Kg4 Kxe5 65. Kh5 Kf5 66. Kh6 Ng6 (66... Ke6 $5) 67. Kg7 Kxg5 {( -> ...f5)} 68. Kxf7 Kh6 69. h8=Q+ Nxh8+ {Precision: White = 54%, Black = 60%.} 1/2-1/2

[Event "Bruges Masters 2018"]
[Site "Brugge"]
[Date "2018.08.16"]
[Round "9"]
[White "Mehar, Chinna Reddy C H"]
[Black "Tomov, Georgi"]
[Result "1/2-1/2"]
[WhiteElo "2345"]
[BlackElo "2307"]
[Annotator "TA"]
[PlyCount "29"]
[EventDate "2018.08.12"]
[EventType "swiss"]
[EventCountry "BEL"]
[SourceTitle "playchess.com"]
[Source "ChessBase"]
[SourceQuality "1"]

{[%evp 19,23,0,0,-39,-44,-45]} 1. d4 d5 2. Bf4 Nf6 3. e3 e6 4. Nf3 Bd6 5. Bg3 O-O 6. Nbd2 b6 7. Ne5 Bb7 8. Bd3 c5 9. c3 Nc6 10. O-O {D02: 1 d4 d5 2 Nf3 sidelines, including 2...Nf6 3 g3 and 2...Nf6 3 Bf4} Qc7 {[%cal Rc6e5] LiveBook: 29 Games} 11. Ndf3 (11. f4 Ne7 12. Qb1 Qc8 13. Bh4 Nf5 14. Bxf5 exf5 15. Bxf6 gxf6 16. Nef3 Qe6 17. Re1 Ba6 18. Nh4 cxd4 19. exd4 {1-0 (28) Korobov,A (2692)-Dominguez Perez,L (2739) Doha 2016}) 11... Ne4 12. Nxc6 {Predecessor:} Bxc6 $146 13. Bxd6 Qxd6 14. Qc2 h6 15. Ne5 {1-0 (28) Ardashirov,A (1989)-Galjautdinov,A Ufa 2011} 1/2-1/2

[Event "Bruges Masters 2018"]
[Site "Brugge"]
[Date "2018.08.16"]
[Round "9"]
[White "Rajesh, V A V"]
[Black "Ravi, Teja S."]
[Result "1/2-1/2"]
[WhiteElo "2325"]
[BlackElo "2389"]
[Annotator "TA"]
[PlyCount "36"]
[EventDate "2018.08.12"]
[EventType "swiss"]
[EventCountry "BEL"]
[SourceTitle "playchess.com"]
[Source "ChessBase"]
[SourceQuality "1"]

{[%evp 21,36,20,41,6,12,0,0,0,3,9,11,31,20,0,45,37,44]} 1. d4 d5 2. c4 c6 3. Nf3 Nf6 4. e3 Bf5 5. Nc3 e6 6. Nh4 Bg6 7. Nxg6 hxg6 8. Qb3 {D12: Slav Defence: 3 Nf3 Nf6 4 e3 Bf5} (8. Bd2 Nbd7 9. Qb3 Rb8 10. cxd5 cxd5 11. Bd3 a6 12. e4 dxe4 13. Nxe4 Nxe4 14. Bxe4 Rh4 15. f4 Bd6 {½-½ (32) Krasenkow,M (2651)-Sasikiran,K (2677) Germany 2017}) 8... Qc7 9. g3 Nbd7 10. Bg2 Be7 11. cxd5 exd5 {LiveBook: 5 Games} 12. Qc2 Nb6 13. b3 Qd7 14. h4 $146 ({Predecessor:} 14. Bb2 Nc8 {½-½ (39) Rubio Mejia,L (2458)-Gonzalez de la Torre,S (2438) Linares 2015}) 14... Qf5 15. Qe2 a5 16. Bh3 Qh5 17. Bd2 Qxe2+ 18. Kxe2 Ne4 1/2-1/2

[Event "Bruges Masters 2018"]
[Site "Brugge"]
[Date "2018.08.16"]
[Round "9"]
[White "Pel, Bonno"]
[Black "Shyaamnikhil P"]
[Result "0-1"]
[WhiteElo "2281"]
[BlackElo "2389"]
[Annotator "TA"]
[PlyCount "109"]
[EventDate "2018.08.12"]
[EventType "swiss"]
[EventCountry "BEL"]
[SourceTitle "playchess.com"]
[Source "ChessBase"]
[SourceQuality "1"]

{[%evp 13,109,-23,-14,-26,-35,-28,0,2,-11,-35,-22,-70,-68,-75,-54,-50,-50,-32,-10,-12,-12,-39,-39,-50,-50,-44,-44,-73,-44,-44,-38,-37,-37,-39,-41,-45,-47,-154,-154,-154,-146,-147,-137,-120,-113,-110,-85,-89,-87,-79,-79,-88,-83,-95,-87,-85,-85,-89,-86,-80,-76,-90,-82,-69,-47,-76,-76,-77,-77,-85,-58,-67,-65,-85,-84,-185,-194,-210,-218,-237,-211,-197,-212,-261,-268,-262,-259,-254,-211,-220,-214,-327,-287,-248,-184,-481,-469,-734]} 1. g3 d5 {[%cal Bd7d5,Bd5d4][%mdl 32]} 2. Bg2 g6 3. d3 Bg7 4. Nf3 Nf6 5. O-O O-O 6. Nc3 d4 {A07: Barcza-System (Königsfianchetto mit möglichen Übergängen in andere Systeme)} (6... c5 7. e4 d4 8. Ne2 Nc6 9. Nd2 e5 10. h3 Ne8 11. f4 Nd6 12. g4 f5 13. exf5 gxf5 14. g5 Bd7 {1-0 (37) Nakamura,H (2777)-Hou,Y (2658) chess.com INT 2018}) 7. Nb5 c5 {LiveBook: 4 Partien} 8. a4 Nc6 {Schwarz hat minimalen Vorteil.} 9. e3 a6 $146 ({Vorgänger:} 9... Nb8 10. exd4 cxd4 {½-½ (10) Ibarra Jerez,J (2545)-Asis Gargatagli,H (2487) Linares 2015}) 10. Na3 dxe3 11. fxe3 {[#]} b5 $1 {[%mdl 512]} 12. Bd2 (12. axb5 axb5) 12... Rb8 13. Qe2 Ne8 14. axb5 axb5 15. c3 Na5 {[%cal Bc6a5,Ba5b3,Bb3d2][%mdl 32]} 16. Nc2 Nb3 17. Ra3 (17. Rad1 {seems wilder.} Nd6 18. Be1 e5 19. e4 Be6 20. Nd2) 17... Nxd2 18. Qxd2 Nd6 19. b4 c4 {Droht stark ...cxd3.} 20. d4 $1 Bb7 $36 {[%mdl 2048] Weiss steht unter Druck.} 21. Ng5 e5 22. Bxb7 Rxb7 23. dxe5 Bxe5 24. Nf3 Bg7 25. Nfd4 (25. Rd1 $15 Rd7 26. Qd5) 25... Ne4 $17 26. Qg2 Qd5 27. Ne2 Re8 28. Nf4 Qd7 29. Nd4 Ra7 (29... h5 {is interesting.} 30. Rd1 Ra7 31. Rxa7 Qxa7 32. Qc2 Ng5) 30. Nxb5 Rxa3 31. Nxa3 Bxc3 32. Nxc4 Bxb4 33. Qc2 Qc6 {zielt auf ...Tc8 ab.} 34. Qd3 Nf6 35. Ne2 Bf8 36. Nd4 Qa6 $1 37. Qb3 Kg7 38. Nb6 Qa3 39. Qxa3 Bxa3 40. Nc2 Bc5 41. Nc4 Re4 42. Rf4 Re7 43. Rf3 h5 44. h3 (44. Rf2 $17) 44... Ne4 $1 $19 45. Kg2 {[#]} Ra7 $1 {[%cal Ra7a2]} 46. Rf1 Ra4 47. N4a3 {[#]} Bxe3 $1 {[%mdl 512]} 48. Ra1 (48. Nxe3 Rxa3) 48... Bc5 49. Nb5 {[#]} Rc4 $1 {[%cal Rc4c2]} 50. Ra2 Bf2 51. Nca3 Rb4 52. Rxf2 (52. Nd6 {war einen Versuch wert.} Nxd6 53. Rxf2) 52... Nxf2 53. Kxf2 Rb3 {Weiss muss nun ...h4! beachten.} 54. Kg2 $2 {[#]} (54. h4) 54... h4 $1 {[%mdl 512]} 55. gxh4 {Precision: Weiß = 48%, Schwarz = 84%.} (55. g4 $142 Kf6 56. Kf2) 0-1

[Event "Bruges Masters 2018"]
[Site "Brugge"]
[Date "2018.08.16"]
[Round "9"]
[White "Boffa, Mauro"]
[Black "Geirnaert, Steven"]
[Result "0-1"]
[WhiteElo "2216"]
[BlackElo "2427"]
[Annotator "RC"]
[PlyCount "68"]
[EventDate "2018.08.12"]
[EventType "swiss"]
[EventCountry "BEL"]
[SourceTitle "playchess.com"]
[Source "ChessBase"]
[SourceQuality "1"]
[TimeControl "5400+30"]

1. d4 {[%emt 0:00:00]} Nf6 {[%emt 0:02:44]} 2. c4 {[%emt 0:00:00]} e6 {[%emt 0:00:03]} 3. Nc3 {[%emt 0:00:00]} Bb4 {[%emt 0:00:18]} 4. e3 {[%emt 0:00:00]} O-O {[%emt 0:00:12]} 5. Nge2 {[%emt 0:00:00]} c6 {[%emt 0:00:26]} 6. a3 {[%emt 0:01:33]} Ba5 {[%emt 0:00:19]} 7. Ng3 {[%emt 0:07:02]} d5 {[%emt 0:00:34]} 8. cxd5 {[%emt 0:08:45]} exd5 {[%emt 0:00:11]} 9. Bd3 {[%emt 0:00:55]} Re8 {[%emt 0:02:17]} 10. b4 {[%emt 0:05:41]} Bc7 {[%emt 0:00:10]} 11. f3 {[%emt 0:01:09]} Bf4 {[%emt 0:13:14]} 12. Kf2 {[%emt 0:01:43]} Bd6 {[%emt 0:04:59]} 13. Bd2 {[%emt 0:07:48]} b6 {[%emt 0:00:39]} 14. Rb1 {[%emt 0:05:35]} Nbd7 {[%emt 0:06:04]} 15. Nf5 {[%emt 0:11:57]} Bf8 {[%emt 0:01:58]} 16. Rf1 {[%emt 0:03:29]} g6 {[%emt 0:10:13]} 17. Ng3 {[%emt 0:00:34]} h5 {[%emt 0:00:07]} 18. Kg1 {[%emt 0:00:26]} h4 {[%emt 0:00:43]} 19. Nge2 {[%emt 0:00:40]} Nh5 {[%emt 0:00:30]} 20. Qc2 {[%emt 0:02:21]} Bg7 {[%emt 0:07:27]} 21. b5 {[%emt 0:02:26]} c5 {[%emt 0:01:41]} 22. Nxd5 {[%emt 0:04:08]} Bb7 {[%emt 0:00:34]} 23. Ndc3 {[%emt 0:04:55]} cxd4 {[%emt 0:01:14]} 24. exd4 {[%emt 0:01:42]} Nf8 {[%emt 0:00:13]} 25. d5 {[%emt 0:03:28]} Rc8 {[%emt 0:00:51]} 26. Qa2 {[%emt 0:01:02]} Rxe2 {[%emt 0:04:38]} 27. Nxe2 {[%emt 0:03:16]} Bxd5 {[%emt 0:00:07]} 28. Rb3 {[%emt 0:00:04]} Ne6 {[%emt 0:00:12]} 29. Bb4 {[%emt 0:07:55]} Nd4 {[%emt 0:01:32]} 30. Nc1 {[%emt 0:10:42]} Nxb3 {[%emt 0:00:36]} 31. Nxb3 {[%emt 0:01:30]} Bxb3 {[%emt 0:01:06]} 32. Qxb3 {[%emt 0:00:38]} Bd4+ {[%emt 0:00:12]} 33. Rf2 {[%emt 0:00:15]} Rc1+ {[%emt 0:00:17]} 34. Bf1 {[%emt 0:00:02]} Ng3 {[%emt 0:40:39]} 0-1

[Event "Bruges Masters 2018"]
[Site "Brugge"]
[Date "2018.08.16"]
[Round "9"]
[White "Villiers, Thomas"]
[Black "Bisby, Daniel L"]
[Result "1/2-1/2"]
[WhiteElo "2164"]
[BlackElo "2314"]
[Annotator "TA"]
[PlyCount "28"]
[EventDate "2018.08.12"]
[EventType "swiss"]
[EventCountry "BEL"]
[SourceTitle "playchess.com"]
[Source "ChessBase"]
[SourceQuality "1"]

{[%evp 18,28,5,-10,14,14,19,6,25,27,59,35,78]} 1. d4 Nf6 2. c4 g6 3. g3 Bg7 4. Bg2 O-O 5. Nc3 d6 6. Nf3 Nc6 7. d5 Na5 8. Qd3 c5 9. O-O a6 10. Nd2 {LiveBook: 17 Games} b5 {E66: King's Indian: Fianchetto: 6...c5 7 0-0 Nc6 8 d5} (10... Bd7 11. b3 Rb8 12. Bb2 b5 13. Rab1 Qc7 14. h3 Rb6 15. e4 bxc4 16. bxc4 Rfb8 17. Ba1 Rxb1 18. Rxb1 Rxb1+ 19. Qxb1 {1-0 (76) Bai,J (2571)-Cheng,Y (2029) Harbin 2018}) 11. cxb5 axb5 12. Nxb5 Ba6 {[#] ...c4! is the strong threat.} 13. a4 Qb6 14. Rb1 Rfb8 $146 ({Predecessor:} 14... Nd7 15. b4 cxb4 16. Rxb4 Nc5 17. Qa3 Rfb8 18. Bb2 {1-0 (26) Gligoric,S-Bertok,M Ljubljana 1951}) 1/2-1/2

[Event "Bruges Masters 2018"]
[Site "Brugge"]
[Date "2018.08.16"]
[Round "9"]
[White "Galunova, Tsveta"]
[Black "Zeng, Chongsheng"]
[Result "0-1"]
[WhiteElo "2148"]
[BlackElo "2539"]
[Annotator "TA"]
[PlyCount "88"]
[EventDate "2018.08.12"]
[EventType "swiss"]
[EventCountry "BEL"]
[SourceTitle "playchess.com"]
[Source "ChessBase"]
[SourceQuality "1"]

{[%evp 18,88,6,3,6,7,0,5,27,-2,11,16,36,20,29,-12,-1,-2,27,23,37,19,30,0,0,0,0,-90,-94,-181,-167,-170,-174,-202,-201,-177,-184,-166,-118,-360,-191,-333,-209,-432,-231,-223,0,-420,-295,-543,-528,-452,-410,-418,-412,-410,-382,-765,-702,-897,-887,-922,-888,-1073,-1027,-1029,-1000,-980,-911,-891,-859,-2010,-1704]} 1. d4 Nf6 2. c4 g6 3. Nc3 d5 4. cxd5 Nxd5 5. Bd2 Nb6 {[%cal Bd5b6,Bb6d7,Bd7f6][%mdl 32]} 6. e3 {D85: Exchange Grünfeld: Unusual White 7th moves and lines with 7 Nf3} (6. Nf3 Bg7 7. Bf4 O-O 8. e3 Be6 9. Be2 c5 10. dxc5 N6d7 11. Nd4 Nxc5 12. Nxe6 Nxe6 13. Bg3 Nc6 14. O-O Nc5 15. Rc1 Bxc3 16. Rxc3 {½-½ (31) Onischuk,A (2681)-Swiercz,D (2654) Saint Louis 2018}) 6... Bg7 7. f4 O-O 8. Nf3 c5 9. dxc5 N6d7 10. Ne4 {LiveBook: 11 Games} Bxb2 11. Rb1 Bg7 12. Bc4 Qc7 13. Qb3 {[#] Hoping for Bxf7+.} Nf6 $146 ({Predecessor:} 13... e6) 14. Nfg5 {[%cal Rc4f7]} Bf5 15. Bxf7+ Kh8 16. Bd5 Nxd5 17. Qxd5 Qc6 18. Qxc6 Nxc6 19. h3 ({But not} 19. Rxb7 h6 $15) 19... e5 20. g4 Bxe4 $1 21. Nxe4 {Black must now prevent f5.} exf4 22. O-O (22. Rf1 $11) 22... fxe3 $17 23. Bc3 (23. Be1 $17) 23... Bxc3 $19 24. Nxc3 {[#]} Nd4 $1 25. Kg2 Rxf1 26. Rxf1 {[%mdl 4096] Endgame [#] KRN-KRN} Re8 $1 27. Re1 Re5 28. Kg3 $2 (28. Ne2 $17 Ne6 29. Rc1) 28... Kg7 ({Not} 28... Rxc5 29. Ne4 $17) (28... e2 $142 29. Kf2 Rxc5 30. Nxe2 Rc2) 29. Kg2 (29. Kf4 {might work better.}) 29... Kf7 30. a3 $2 (30. Kf1 {is a better defense.}) 30... Nc2 (30... e2 $142 31. c6 bxc6) 31. Re2 Nd4 $2 (31... Nxa3 32. Rb2 Re7) 32. Re1 Ke6 33. Kg3 $2 (33. Ne2 {was necessary.} Nxe2 34. Rxe2) 33... g5 34. Kg2 Nc2 35. Re2 Nxa3 36. Kf3 Nc4 37. Ne4 $2 (37. Ra2 Rxc5 38. Ke4) 37... Kd5 {Black is clearly winning.} 38. Nf6+ Kd4 39. Nxh7 Kd3 {( -> ...Nd2+)} 40. Re1 Kd2 41. Re2+ Kd1 {And now ...Nd2+ would win.} 42. Ra2 e2 {Threatens to win with ...Nd2+.} 43. Ra1+ Kd2 44. Ra2+ Kd3 {Precision: White = 25%, Black = 60%.} 0-1